000 00484nam a2200181Ia 4500
005 20250508150911.0
008 008 250505s9999 xx 000 0 eng d
037 _aTextual
040 _aFEDL
_beng
_cFEDL
041 _aeng
_2eng
084 _a910.9, SYN
_qFEDL
100 _aSynge M B
_9757922
245 0 _aBook of discovery
260 _aLondon, UK
_bThomas Nelson and Sons Limited
300 _a554p.
942 _cTEXL
_h910.9, SYN
999 _c1326377
_d1326377